[Event "8th Asia-ch"]
[Site "Subic Bay Free Port PHI"]
[Date "2010.04.25"]
[Round "5"]
[White "Gundavaa, Bayarsaihan"]
[Black "Darini, Pouria"]
[Result "1-0"]
[WhiteElo "2471"]
[BlackElo "2398"]
[EventDate "2010.04.21"]
[PlyCount "61"]

1.d4 Nf6 2.c4 g6 3.Nc3 d5 4.Bg5 Ne4 5.Bh4 Nxc3 6.bxc3 dxc4 7.e3 Be6 8.Qb1 
Qd5 9.Nf3 Nd7 10.Be2 Nb6 11.O-O Qa5 12.Rc1 Bg7 13.a4 c5 14.Qe4 cxd4 15.
cxd4 Rb8 16.h3 O-O 17.Bxe7 Rfe8 18.Qh4 Nd5 19.Bd6 Rbd8 20.Be5 f6 21.Bh2 
Nc3 22.Bf1 Rc8 23.Nd2 Ne2+ 24.Bxe2 Qxd2 25.Bf3 c3 26.Bxb7 Rc4 27.Qe4 Rxa4 
28.Qc6 Rxa1 29.Qxe8+ Bf8 30.Qxe6+ Kg7 31.Rxa1 1-0

[Event "8th Asia-ch"]
[Site "Subic Bay Free Port PHI"]
[Date "2010.04.25"]
[Round "5"]
[White "Garcia, Jan Emmanuel"]
[Black "Nguyen Huynh Minh Huy"]
[Result "0-1"]
[WhiteElo "2315"]
[BlackElo "2469"]
[EventDate "2010.04.21"]
[PlyCount "92"]

1.c4 b6 2.Nf3 Bb7 3.g3 Nf6 4.Bg2 e6 5.b3 Be7 6.Bb2 O-O 7.O-O d5 8.d4 Nbd7 
9.Nbd2 c5 10.Rc1 Rc8 11.Rc2 dxc4 12.Nxc4 b5 13.Ncd2 Qa5 14.Bc3 Qa6 15.dxc5
Nxc5 16.Qa1 Nce4 17.Nxe4 Nxe4 18.Nd4 b4 19.Bb2 Rxc2 20.Nxc2 Qxe2 21.Bxg7 
Qxc2 22.Bxf8 Bxf8 23.Qc1 Qxc1 24.Rxc1 Nc3 25.Rc2 Bd5 26.Rd2 Bc5 27.Bxd5 
Nxd5 28.Kg2 Kf8 29.Kf3 Ke7 30.Ke2 Kd6 31.Kd3 f6 32.Kc4 Kc6 33.f3 f5 34.Re2
Nb6+ 35.Kd3 Kd5 36.g4 Nd7 37.gxf5 Ne5+ 38.Kc2 Nxf3 39.Kd3 Ne5+ 40.Kd2 exf5
41.Rg2 f4 42.Rg7 Nf3+ 43.Kd3 Ne5+ 44.Ke2 f3+ 45.Kf1 h6 46.Rh7 Ng4 0-1

[Event "8th Asia-ch"]
[Site "Subic Bay Free Port PHI"]
[Date "2010.04.25"]
[Round "5"]
[White "Dimakiling, Oliver"]
[Black "Le Quang Liem"]
[Result "0-1"]
[WhiteElo "2441"]
[BlackElo "2689"]
[EventDate "2010.04.21"]
[PlyCount "92"]

1.e4 c6 2.d4 d5 3.exd5 cxd5 4.Bd3 Nc6 5.c3 Qc7 6.h3 Nf6 7.Nf3 g6 8.O-O Bg7
9.Be3 Bf5 10.Na3 Bxd3 11.Qxd3 O-O 12.Rac1 Rfc8 13.Qe2 a6 14.c4 dxc4 15.
Nxc4 Nd5 16.a3 h6 17.Rfd1 Qd7 18.Bd2 Rc7 19.Nce5 Qe6 20.Qd3 Rd8 21.Re1 Qc8
22.Ng4 Kh7 23.Re4 f5 24.Nxh6 Bxh6 25.Rh4 f4 26.g4 Nxd4 27.Ng5+ Kg7 28.Rxc7
Nxc7 29.Rxh6 Kxh6 30.Bxf4 Rd5 31.Ne6+ Kh7 32.Nxc7 Rd7 33.Qe4 Qf8 34.Kg2 
Qf6 35.b4 Qc6 36.Qxc6 Nxc6 37.Ne6 Rd3 38.a4 Nxb4 39.h4 Rd5 40.Kg3 Nc6 41.
Be3 Rd6 42.Ng5+ Kg8 43.Bb6 Rd3+ 44.f3 Rb3 45.Bc7 b5 46.axb5 Rxb5 0-1

[Event "8th Asia-ch"]
[Site "Subic Bay Free Port PHI"]
[Date "2010.04.25"]
[Round "5"]
[White "Duong The Anh"]
[Black "Rahman, Ziaur"]
[Result "0-1"]
[WhiteElo "2425"]
[BlackElo "2558"]
[EventDate "2010.04.21"]
[PlyCount "104"]

1.d4 d6 2.e4 g6 3.Nc3 Bg7 4.Be3 c6 5.Nf3 Nf6 6.Qd2 O-O 7.h3 b5 8.a3 Nbd7 
9.g4 Nb6 10.Bh6 Bb7 11.O-O-O a5 12.Bxg7 Kxg7 13.e5 Ng8 14.Be2 b4 15.Nb1 c5
16.Qf4 c4 17.c3 Nd5 18.Qd2 bxc3 19.Nxc3 Nxc3 20.Qxc3 Bxf3 21.Bxf3 Rb8 22.
Bc6 d5 23.Ba4 e6 24.f4 Qh4 25.Rhf1 Ne7 26.Rf3 Rb6 27.Qe1 Qxe1 28.Rxe1 Rfb8
29.Re2 h5 30.Rh2 Rh8 31.Rff2 Rbb8 32.Kc2 Rh7 33.Kc3 Rbh8 34.f5 hxg4 35.f6+
Kf8 36.fxe7+ Kxe7 37.Rfg2 Rxh3+ 38.Rxh3 gxh3 39.Rh2 g5 40.Bd1 Rh4 41.Be2 
f5 42.exf6+ Kxf6 43.Bf1 g4 44.Kd2 Kg5 45.Ke3 Rh6 46.Kf2 Kf4 47.Kg1 Ke3 48.
Rf2 g3 49.Rf8 g2 50.Bxg2 hxg2 51.Kxg2 Kxd4 52.Ra8 Rh7 0-1

[Event "8th Asia-ch"]
[Site "Subic Bay Free Port PHI"]
[Date "2010.04.25"]
[Round "5"]
[White "Lou Yiping"]
[Black "Kidambi, Sundararajan"]
[Result "1/2-1/2"]
[WhiteElo "2429"]
[BlackElo "2520"]
[EventDate "2010.04.21"]
[PlyCount "59"]

1.d4 d5 2.c4 c6 3.Nf3 Nf6 4.e3 Bf5 5.Nc3 e6 6.Nh4 Bg6 7.Be2 Nbd7 8.O-O Bd6
9.g3 Qe7 10.Qb3 Rb8 11.Rd1 O-O 12.Nxg6 hxg6 13.Qc2 dxc4 14.Bxc4 a6 15.Bd2 
c5 16.dxc5 Nxc5 17.Bf1 Rbc8 18.Bg2 b5 19.Rac1 Na4 20.Qb1 Nxc3 21.Bxc3 Bb4 
22.Rd3 Bxc3 23.Rdxc3 Rxc3 24.Rxc3 Rd8 25.a3 b4 26.axb4 Qxb4 27.Qc1 a5 28.
Bf3 Rb8 29.Rc5 Nd7 30.Rc8+ 1/2-1/2

[Event "8th Asia-ch"]
[Site "Subic Bay Free Port PHI"]
[Date "2010.04.25"]
[Round "5"]
[White "Wen Yang"]
[Black "Wang Li"]
[Result "0-1"]
[WhiteElo "2520"]
[BlackElo "2383"]
[EventDate "2010.04.21"]
[PlyCount "106"]

1.e4 e6 2.d4 d5 3.Nc3 dxe4 4.Nxe4 Bd7 5.Nf3 Bc6 6.Bd3 Nd7 7.O-O Ngf6 8.
Ned2 Be7 9.c3 O-O 10.Qe2 b6 11.Nc4 Bb7 12.Bg5 c5 13.Rad1 Bxf3 14.Qxf3 cxd4
15.cxd4 Nd5 16.Bd2 Rc8 17.Ne5 Bf6 18.Ng4 Bg5 19.Qe4 g6 20.f4 Be7 21.Nh6+ 
Kg7 22.f5 N7f6 23.Qe2 Nb4 24.fxe6 fxe6 25.Bb1 Qxd4+ 26.Kh1 Qc4 27.Qe1 Rcd8
28.b3 Qc6 29.Rc1 Qd5 30.Rd1 Qc6 31.Bc1 Rxd1 32.Qxd1 e5 33.Re1 Qe6 34.h3 
Nbd5 35.Bd3 Bb4 36.Rf1 e4 37.Bc4 Qe5 38.Bxd5 Qxd5 39.Qc2 Bd6 40.Bb2 Be5 
41.Nf5+ gxf5 42.Rxf5 Rc8 43.Bxe5 Rxc2 44.Bxf6+ Kg6 45.Rxd5 Kxf6 46.Kg1 
Rxa2 47.b4 e3 48.Kf1 Rf2+ 49.Ke1 Rxg2 50.Rd3 Rg3 51.Ke2 Rxh3 52.Rd7 Ke5 
53.Rxa7 Kd4 0-1

[Event "8th Asia-ch"]
[Site "Subic Bay Free Port PHI"]
[Date "2010.04.25"]
[Round "5"]
[White "Khamrakulov, Dzhurabek"]
[Black "Nolte, Rolando"]
[Result "1-0"]
[WhiteElo "2509"]
[BlackElo "2420"]
[EventDate "2010.04.21"]
[PlyCount "83"]

1.e4 c5 2.Nf3 d6 3.d4 cxd4 4.Nxd4 Nf6 5.Nc3 a6 6.Bg5 e6 7.f4 Qb6 8.Qd2 
Qxb2 9.Rb1 Qa3 10.f5 Nc6 11.fxe6 fxe6 12.Nxc6 bxc6 13.e5 dxe5 14.Bxf6 gxf6
15.Ne4 Be7 16.Be2 h5 17.Rf1 f5 18.Rf3 Qa4 19.Nd6+ Bxd6 20.Qxd6 Qa5+ 21.Kf1
Ra7 22.Rb8 Kf7 23.Bc4 Qc7 24.Bxe6+ Kg7 25.Qxc7+ Rxc7 26.Rxc8 Rhxc8 27.Bxc8
Rxc8 28.Rxf5 Rb8 29.Rxe5 Rb2 30.Rxh5 Rxc2 31.Ra5 Kf6 32.a4 c5 33.Rxa6+ Kf5
34.a5 Ke4 35.h4 c4 36.h5 c3 37.h6 Ke3 38.Re6+ Kd3 39.h7 Rc1+ 40.Kf2 Rh1 
41.Re8 Kd2 42.Rh8 1-0

[Event "8th Asia-ch"]
[Site "Subic Bay Free Port PHI"]
[Date "2010.04.25"]
[Round "5"]
[White "Sethuraman, Panayapan"]
[Black "Battulga, Namhai"]
[Result "1-0"]
[WhiteElo "2493"]
[BlackElo "2357"]
[EventDate "2010.04.21"]
[PlyCount "161"]

1.e4 c5 2.Nf3 d6 3.d4 cxd4 4.Nxd4 Nf6 5.Nc3 a6 6.Be2 e6 7.O-O Qc7 8.f4 Be7
9.Kh1 Nc6 10.Be3 Bd7 11.a4 Nxd4 12.Bxd4 e5 13.fxe5 dxe5 14.Be3 Bc6 15.Bd3 
O-O 16.Bg5 Nxe4 17.Bxe7 Nxc3 18.Bxh7+ Kxh7 19.Qh5+ Kg8 20.Bxf8 Nd5 21.Bd6 
Qxd6 22.Qxf7+ Kh7 23.Ra3 Qh6 24.Qf5+ g6 25.Qf7+ Kh8 26.Kg1 Nf4 27.Rxf4 
exf4 28.Rh3 Qxh3 29.gxh3 f3 30.Kf2 Rg8 31.b4 Rg7 32.Qf8+ Kh7 33.c4 Bxa4 
34.Kxf3 Bb3 35.Qf6 Rc7 36.Qh4+ Kg7 37.Qd4+ Kh7 38.c5 Ba4 39.Qf6 Rd7 40.Kf4
Bc6 41.h4 Rd5 42.Qe7+ Kg8 43.Qe6+ Kg7 44.Qe7+ Kg8 45.Kg4 Rf5 46.Qd8+ Kg7 
47.Qd4+ Kg8 48.Qc3 Bd5 49.Qd3 Kg7 50.Qd4+ Kg8 51.Qe3 Kg7 52.Qe7+ Kg8 53.h3
Bf3+ 54.Kg3 Bd5 55.Qe2 Kg7 56.Qd1 Bc6 57.Qd4+ Kg8 58.Qc3 Bd5 59.Kg4 Be6 
60.Kg3 Bd5 61.Qd4 Kh7 62.Qe3 Kg7 63.Qd3 Kh7 64.Qe2 Kg7 65.Kg4 Kh7 66.Qe7+ 
Kg8 67.Qd7 Bf3+ 68.Kg3 Bd5 69.Qe7 Rf3+ 70.Kg4 Rf5 71.h5 Rxh5 72.Qf6 Kh7 
73.Qe7+ Kg8 74.Kf4 Rf5+ 75.Ke3 Bc6 76.Qd8+ Kg7 77.Kd4 Rf4+ 78.Kc3 Rf3+ 79.
Kd4 Rf4+ 80.Ke3 Rf3+ 81.Ke2 1-0

[Event "8th Asia-ch"]
[Site "Subic Bay Free Port PHI"]
[Date "2010.04.25"]
[Round "5"]
[White "Tu Hoang Thong"]
[Black "Florendo, Paulo James"]
[Result "1-0"]
[WhiteElo "2483"]
[BlackElo "2262"]
[EventDate "2010.04.21"]
[PlyCount "107"]

1.d4 d5 2.Nf3 Nf6 3.c4 c6 4.Nbd2 e6 5.g3 Be7 6.Bg2 O-O 7.O-O b6 8.Qc2 Bb7 
9.Rd1 Qc8 10.b3 Nbd7 11.Bb2 c5 12.Rac1 dxc4 13.Nxc4 Be4 14.Qd2 Rd8 15.Qf4 
Nf8 16.Nce5 Bb7 17.dxc5 Rxd1+ 18.Rxd1 bxc5 19.Nc4 Ng6 20.Qd2 Bd5 21.Ne1 
Bxg2 22.Nxg2 h6 23.Nge3 Qc6 24.Qa5 h5 25.h4 Ne4 26.Rd3 Bf6 27.Bxf6 gxf6 
28.Nf1 f5 29.f3 Nf6 30.Rd6 Qc8 31.Qa6 Qf8 32.Rc6 Rc8 33.Rxc8 Qxc8 34.Qxa7 
Qc6 35.a4 Qd5 36.Qb8+ Kg7 37.Qd6 Qb7 38.Nfd2 Qb4 39.a5 Qc3 40.Qxc5 Nd5 41.
e3 Qc1+ 42.Kf2 Qh1 43.Nf1 f4 44.exf4 Ngxf4 45.Qd4+ e5 46.Qxe5+ f6 47.Qe4 
Qg2+ 48.Ke1 Nh3 49.Qe2 Qg1 50.Qh2 Qd4 51.Qxh3 Nb4 52.Nfe3 Nd3+ 53.Ke2 Nc1+
54.Kf2 1-0

[Event "8th Asia-ch"]
[Site "Subic Bay Free Port PHI"]
[Date "2010.04.25"]
[Round "5"]
[White "Senador, Emmanuel"]
[Black "Harika, Dronavalli"]
[Result "0-1"]
[WhiteElo "2401"]
[BlackElo "2473"]
[EventDate "2010.04.21"]
[PlyCount "61"]

1.b3 e5 2.Bb2 Nc6 3.c4 g6 4.g3 Bg7 5.Bg2 d6 6.e4 Nd4 7.Bxd4 exd4 8.d3 c6 
9.Ne2 h5 10.Nd2 h4 11.Qc2 Qf6 12.c5 h3 13.Bf1 d5 14.f4 Bg4 15.O-O-O Qe7 
16.Re1 Nh6 17.Kb1 O-O 18.Ng1 dxe4 19.Rxe4 Qd7 20.Ngf3 Nf5 21.Be2 Ne3 22.
Qb2 Bf5 23.Ne5 Qd5 24.Rc1 Bxe4 25.dxe4 Qd8 26.Nd3 Qc7 27.g4 Nd5 28.Bf3 
Nc3+ 29.Ka1 b6 30.g5 bxc5 31.e5 0-1

[Event "8th Asia-ch"]
[Site "Subic Bay Free Port PHI"]
[Date "2010.04.25"]
[Round "5"]
[White "Dableo, Ronald"]
[Black "Lu Shanglei"]
[Result "1/2-1/2"]
[WhiteElo "2464"]
[BlackElo "2340"]
[EventDate "2010.04.21"]
[PlyCount "90"]

1.Nf3 f5 2.g3 Nf6 3.Bg2 g6 4.O-O Bg7 5.d3 d6 6.Bd2 O-O 7.Qc1 e5 8.c4 c6 9.
Nc3 Nbd7 10.b4 a6 11.Rb1 d5 12.cxd5 cxd5 13.Bh6 Bxh6 14.Qxh6 e4 15.dxe4 
dxe4 16.Ng5 Qe7 17.Qh4 Nb6 18.Rfd1 Bd7 19.b5 axb5 20.Nxb5 Nbd5 21.Rdc1 e3 
22.Bxd5+ Nxd5 23.f3 Bc6 24.Nd4 Rxa2 25.Kf1 Ra6 26.Qh6 Rf6 27.Rb5 Bxb5 28.
Nxb5 Qg7 29.Qh4 Rfc6 30.Rd1 Ra1 31.Rxa1 Qxa1+ 32.Kg2 h5 33.Nd4 Rf6 34.Nde6
Qa2 35.Qd4 Qxe2+ 36.Kh3 Qf1+ 37.Kh4 Qb5 38.Qe5 Qb4+ 39.f4 e2 40.Qxd5 Qe7 
41.Nd4+ Kf8 42.Nxe2 Qxe2 43.Qd8+ Kg7 44.Qd7+ Kg8 45.h3 Qa6 1/2-1/2

[Event "8th Asia-ch"]
[Site "Subic Bay Free Port PHI"]
[Date "2010.04.25"]
[Round "5"]
[White "Al-Sayed, Mohamad Naser"]
[Black "Chan Wei Xuan, Timothy"]
[Result "0-1"]
[WhiteElo "2503"]
[BlackElo "2341"]
[EventDate "2010.04.21"]
[PlyCount "78"]

1.d4 Nf6 2.c4 e6 3.Nc3 Bb4 4.Qc2 Nc6 5.Nf3 d6 6.Bd2 O-O 7.a3 Bxc3 8.Bxc3 
Re8 9.Rd1 Qe7 10.g3 e5 11.d5 e4 12.Nd4 Ne5 13.Bg2 Nd3+ 14.Kf1 Ne5 15.b3 c5
16.Nb5 Bf5 17.Qb2 Qd7 18.h3 a6 19.Bxe5 Rxe5 20.Nc3 e3 21.f4 Ree8 22.Kg1 h5
23.a4 h4 24.g4 Bxg4 25.hxg4 Qxg4 26.Rh2 Nh5 27.Rf1 Nxf4 28.Kh1 Nh5 29.Rf3 
Ng3+ 30.Kg1 Re5 31.Rh3 Rae8 32.Qc2 Nh5 33.Qc1 Qd4 34.Qe1 g5 35.Rh2 g4 36.
Rf1 h3 37.Bxh3 gxh3 38.Rxh3 Rg5+ 39.Kh1 Qg4 0-1

[Event "8th Asia-ch"]
[Site "Subic Bay Free Port PHI"]
[Date "2010.04.25"]
[Round "5"]
[White "Xiu Deshun"]
[Black "Legaspi, Rhobel"]
[Result "1-0"]
[WhiteElo "2493"]
[BlackElo "2314"]
[EventDate "2010.04.21"]
[PlyCount "92"]

1.c4 Nf6 2.g3 g6 3.Bg2 Bg7 4.Nc3 O-O 5.d4 d6 6.Nf3 Nbd7 7.O-O e5 8.e4 exd4
9.Nxd4 Re8 10.Re1 Ne5 11.b3 a6 12.f4 Ned7 13.Bb2 Rb8 14.Qd2 Nc5 15.b4 Ne6 
16.Nb3 b6 17.Rad1 Bb7 18.Qc2 Nd7 19.Nd5 c5 20.Bxg7 Nxg7 21.bxc5 bxc5 22.
Nc3 Qc7 23.Qd2 Nb6 24.Na5 Red8 25.Nxb7 Qxb7 26.e5 Qa7 27.Qd3 Nf5 28.Nd5 
Nxd5 29.Bxd5 Nd4 30.e6 fxe6 31.Bxe6+ Kh8 32.Bd5 Re8 33.Re4 Qd7 34.Rde1 
Rxe4 35.Qxe4 Qf5 36.Qxf5 gxf5 37.Re7 Rb1+ 38.Kg2 Rb2+ 39.Kh3 Rxa2 40.Kh4 
Re2 41.Rd7 Ne6 42.h3 Nf8 43.Rf7 Ng6+ 44.Kg5 Re7 45.Rxf5 Kg7 46.Rf6 Re3 1-0

[Event "8th Asia-ch"]
[Site "Subic Bay Free Port PHI"]
[Date "2010.04.25"]
[Round "5"]
[White "De Ramos, Julius"]
[Black "Bui Vinh"]
[Result "0-1"]
[WhiteElo "2314"]
[BlackElo "2480"]
[EventDate "2010.04.21"]
[PlyCount "110"]

1.c4 e5 2.Nc3 Bb4 3.Nd5 a5 4.a3 Be7 5.d4 d6 6.Nf3 e4 7.Nd2 c6 8.Nxe7 Qxe7 
9.Nb1 f5 10.Nc3 Nf6 11.Bg5 h6 12.Bxf6 Qxf6 13.e3 O-O 14.Be2 Nd7 15.O-O Qg6
16.Qd2 Nf6 17.f4 exf3 18.Bxf3 Qf7 19.d5 c5 20.b4 b6 21.bxc5 bxc5 22.Rab1 
Qe7 23.Na4 Ba6 24.Nxc5 dxc5 25.d6 Qe6 26.Bxa8 Rxa8 27.Qxa5 Nd7 28.Qc7 Bxc4
29.Rfd1 Bb3 30.Qc6 Rxa3 31.Rdc1 c4 32.Re1 Ra2 33.e4 Rd2 34.exf5 Qxf5 35.
Re8+ Kh7 36.Rf1 Qc5+ 37.Qxc5 Nxc5 38.h4 Rxd6 39.h5 Rd3 40.g4 Rd1 41.Rxd1 
Bxd1 42.Rc8 Ne4 43.Rxc4 Nf6 44.g5 hxg5 45.Rc6 Kh6 46.Rc7 Bxh5 47.Rc6 Bf3 
48.Ra6 g4 49.Kh2 Kg5 50.Ra7 g6 51.Ra5+ Kh6 52.Kg3 Nh5+ 53.Kf2 Bc6 54.Ra3 
g3+ 55.Kg1 Nf4 0-1

[Event "8th Asia-ch"]
[Site "Subic Bay Free Port PHI"]
[Date "2010.04.25"]
[Round "5"]
[White "Pascua, Haridas"]
[Black "Turqueza, Mari Joseph"]
[Result "1-0"]
[WhiteElo "2358"]
[BlackElo "2087"]
[EventDate "2010.04.21"]
[PlyCount "49"]

1.d4 e6 2.c4 b6 3.Nf3 Bb7 4.g3 Bb4+ 5.Bd2 Qe7 6.Bg2 f5 7.O-O Bxd2 8.Qxd2 
Nf6 9.d5 exd5 10.Nd4 g6 11.cxd5 d6 12.Ne6 Na6 13.Qd4 Kf7 14.Nc3 Rae8 15.e4
f4 16.Nxf4 Nc5 17.b4 Ncd7 18.Ne6 Nf8 19.Ng5+ Kg8 20.f4 h6 21.Nf3 Qf7 22.
Rad1 Nh5 23.e5 Ng7 24.e6 Qe7 25.Ne4 1-0

[Event "8th Asia-ch"]
[Site "Subic Bay Free Port PHI"]
[Date "2010.04.25"]
[Round "5"]
[White "Torre, Eugenio"]
[Black "Causo, Deniel"]
[Result "1-0"]
[WhiteElo "2506"]
[BlackElo "2302"]
[EventDate "2010.04.21"]
[PlyCount "88"]

1.c4 e5 2.Nc3 Nf6 3.Nf3 Nc6 4.e3 Bb4 5.Qc2 O-O 6.d3 d5 7.cxd5 Nxd5 8.a3 
Bxc3+ 9.bxc3 Bg4 10.Be2 Re8 11.h3 Bh5 12.O-O Qd7 13.Bb2 a5 14.Rad1 a4 15.
Rfe1 f6 16.c4 Nb6 17.d4 exd4 18.exd4 Bxf3 19.Bxf3 Rxe1+ 20.Rxe1 Nxd4 21.
Bxd4 Qxd4 22.Bxb7 Rd8 23.c5 Nc4 24.Qxa4 Ne5 25.Qb5 Qc3 26.Re3 Qc1+ 27.Kh2 
Kf8 28.Ba6 h5 29.Qb4 c6 30.Be2 g6 31.a4 Rd5 32.a5 Qxc5 33.Qxc5+ Rxc5 34.
Ra3 Rd5 35.f4 Nf7 36.a6 Rd8 37.Bf3 Ra8 38.Bxc6 Ra7 39.Be4 f5 40.Bd3 Nd6 
41.Kg3 Ke7 42.Kh4 Ne4 43.Bxe4 fxe4 44.Kg3 Ke6 1-0

[Event "8th Asia-ch"]
[Site "Subic Bay Free Port PHI"]
[Date "2010.04.25"]
[Round "5"]
[White "Datu, Alcon John"]
[Black "Padmini, Rout"]
[Result "1/2-1/2"]
[WhiteElo "2220"]
[BlackElo "2319"]
[EventDate "2010.04.21"]
[PlyCount "87"]

1.d4 Nf6 2.Nf3 g6 3.Bg5 Bg7 4.Nbd2 d5 5.e3 O-O 6.Bd3 c5 7.c3 Qb6 8.Rb1 Nc6
9.O-O Bf5 10.Bxf5 gxf5 11.Ne5 Nxe5 12.dxe5 Ng4 13.Bxe7 Rfe8 14.Bh4 Nxe5 
15.Nf3 Nxf3+ 16.Qxf3 Re4 17.Bg3 Qe6 18.Rbd1 Rd8 19.h3 d4 20.exd4 cxd4 21.
b3 h5 22.cxd4 Rd5 23.Be5 h4 24.Bxg7 Kxg7 25.Rd3 Qf6 26.Rfd1 Rdxd4 27.Rxd4 
Rxd4 28.Re1 b5 29.Qb7 a6 30.Qc7 Rd2 31.Qf4 Rxa2 32.Re5 Kg6 33.Rd5 Ra1+ 34.
Kh2 Re1 35.Qb8 Kg7 36.Qc8 Re6 37.Qc5 Rc6 38.Qe3 Rd6 39.Rc5 Rd4 40.Rxf5 
Qd6+ 41.f4 Rd5 42.Qe4 Rxf5 43.Qxf5 Qf6 44.Qxf6+ 1/2-1/2

[Event "8th Asia-ch"]
[Site "Subic Bay Free Port PHI"]
[Date "2010.04.25"]
[Round "5"]
[White "Habla, Jony"]
[Black "Galvan, Jesus"]
[Result "1-0"]
[WhiteElo "2316"]
[BlackElo "2230"]
[EventDate "2010.04.21"]
[PlyCount "73"]

1.d4 b5 2.c4 Bb7 3.Nc3 g6 4.e4 Bg7 5.Be3 d6 6.f3 Nf6 7.Bd3 Nbd7 8.Nge2 e5 
9.d5 h6 10.Qd2 Nc5 11.Bc2 a5 12.b3 Bc8 13.O-O-O Bd7 14.g4 Qe7 15.Kb1 Ng8 
16.h4 h5 17.g5 f5 18.exf5 Bxf5 19.Ng3 Qd7 20.Nxf5 gxf5 21.f4 O-O-O 22.fxe5
Bxe5 23.Bd4 Ne7 24.a3 Qe8 25.Rhf1 Qg6 26.Rde1 Nd7 27.Nxb5 Kb7 28.c5 c6 29.
cxd6 Bxd6 30.Re6 cxb5 31.Rxg6 Nxg6 32.Bxf5 Rhf8 33.Qd3 Nxh4 34.Bxd7 Rxd7 
35.Rxf8 Bxf8 36.Qe4 Ka6 37.Qe8 1-0

[Event "8th Asia-ch"]
[Site "Subic Bay Free Port PHI"]
[Date "2010.04.25"]
[Round "5"]
[White "Li Hanbin"]
[Black "Paulo, Bersamina"]
[Result "1-0"]
[WhiteElo "2330"]
[BlackElo "1927"]
[EventDate "2010.04.21"]
[PlyCount "119"]

1.e4 c5 2.Nf3 g6 3.d4 cxd4 4.Nxd4 Nc6 5.Nc3 Bg7 6.Be3 Nf6 7.Bc4 Qa5 8.O-O 
O-O 9.Nb3 Qc7 10.f4 d6 11.Be2 b6 12.Bf3 Ba6 13.Re1 Rad8 14.Nd5 Qb7 15.Nd4 
Nxd5 16.exd5 Nxd4 17.Bxd4 Rc8 18.Bxg7 Kxg7 19.Qd4+ Kg8 20.c3 Qd7 21.Rad1 
Rfe8 22.Qf2 Qf5 23.Rd4 Rc4 24.Rxc4 Bxc4 25.Qd4 Qd3 26.Qxd3 Bxd3 27.Kf2 Kf8
28.Ke3 Bb5 29.Kd4 Rc8 30.b3 Rc7 31.h4 a5 32.Be4 Ba6 33.a4 Kg7 34.g4 Bc8 
35.g5 h5 36.Bd3 e6 37.Bc4 exd5 38.Bxd5 Kf8 39.Rf1 Re7 40.Be4 Bh3 41.Rf2 d5
42.Bxd5 Bf5 43.b4 axb4 44.cxb4 Ra7 45.Ra2 Rd7 46.Rd2 Be6 47.Ke5 Ke7 48.Rd4
Bg4 49.a5 bxa5 50.bxa5 Rd6 51.Ra4 Bd7 52.Ra3 Ra6 53.Kd4 Bc8 54.Kc5 f6 55.
Bc4 Ra8 56.a6 fxg5 57.fxg5 Kd7 58.a7 Bb7 59.Kb4 Be4 60.Bd3 1-0

[Event "8th Asia-ch"]
[Site "Subic Bay Free Port PHI"]
[Date "2010.04.25"]
[Round "5"]
[White "Olay, Edgar Reggie"]
[Black "Al-Huwar, Jasem"]
[Result "0-1"]
[WhiteElo "2304"]
[BlackElo "2308"]
[EventDate "2010.04.21"]
[PlyCount "83"]

1.d4 Nf6 2.c4 g6 3.Nc3 d5 4.cxd5 Nxd5 5.g3 Bg7 6.Bg2 Nb6 7.e3 O-O 8.Nge2 
c5 9.d5 Na6 10.O-O c4 11.e4 e5 12.f4 Bd7 13.Be3 f6 14.Qd2 Nc8 15.h3 Nd6 
16.g4 b5 17.Ng3 Qc8 18.Kh2 Nc5 19.g5 b4 20.Nce2 c3 21.Qc2 cxb2 22.Qxc5 
bxa1=Q 23.Rxa1 Nc4 24.Rc1 Nxe3 25.Qxe3 Qb7 26.gxf6 Bxf6 27.Rb1 a5 28.a3 
Qb8 29.f5 Qd6 30.axb4 axb4 31.fxg6 hxg6 32.Nc1 Ra3 33.Qh6 Bg7 34.Qd2 Rb8 
35.Nd3 Kh7 36.Ne2 Bh6 37.Qc2 Ba4 38.Qc4 Bb5 39.Qxb4 Qxb4 40.Rxb4 Rxd3 41.
Nc1 Bf4+ 42.Kh1 0-1

[Event "8th Asia-ch"]
[Site "Subic Bay Free Port PHI"]
[Date "2010.04.25"]
[Round "5"]
[White "Bitoon, Richard"]
[Black "Segarra, Randy"]
[Result "1-0"]
[WhiteElo "2476"]
[BlackElo "2298"]
[EventDate "2010.04.21"]
[PlyCount "116"]

1.e4 c5 2.Nf3 e6 3.d4 cxd4 4.Nxd4 a6 5.Bd3 Bc5 6.Nb3 Be7 7.Qg4 g6 8.Qe2 d6
9.O-O Nd7 10.Nc3 Qc7 11.Bd2 b6 12.Rae1 Bb7 13.f4 Ngf6 14.e5 Nd5 15.Ne4 
dxe5 16.fxe5 Nxe5 17.c4 Nxd3 18.Qxd3 f5 19.Ng5 Nf6 20.Nxe6 Qc6 21.Re2 Ne4 
22.Nbd4 Bc5 23.Kh1 Qd7 24.Bf4 Bxd4 25.Nc7+ Ke7 26.Nd5+ Bxd5 27.Qxd4 Kf7 
28.cxd5 Rhe8 29.d6 Rad8 30.Rc2 Kg8 31.h3 Nc5 32.Rd1 Re4 33.Qd2 a5 34.Be3 
Re6 35.Bf4 h6 36.Qd5 Qf7 37.Qc6 Nd7 38.Bxh6 Qf6 39.Qd5 Re8 40.Bd2 Qf7 41.
Qc6 Re2 42.Rcc1 f4 43.Bxf4 Rxb2 44.Bg3 Rbe2 45.Rf1 Qe6 46.Rce1 Rxe1 47.
Rxe1 Qf7 48.Rc1 Qf5 49.a4 Rf8 50.Kh2 Rf7 51.Qa8+ Rf8 52.Qc6 Rf7 53.Re1 Kg7
54.Qc3+ Kh7 55.Qc4 Kg7 56.Re8 Kh7 57.Qh4+ Qh5 58.Qc4 Nf6 1-0

[Event "8th Asia-ch"]
[Site "Subic Bay Free Port PHI"]
[Date "2010.04.25"]
[Round "5"]
[White "Ginting, Nasib"]
[Black "Yee Soon Wei"]
[Result "1/2-1/2"]
[WhiteElo "2397"]
[BlackElo "2209"]
[EventDate "2010.04.21"]
[PlyCount "77"]

1.d4 d5 2.c4 c6 3.Nf3 Nf6 4.Qc2 dxc4 5.Qxc4 Bf5 6.g3 e6 7.Bg2 Be7 8.O-O 
O-O 9.Nc3 Nbd7 10.Re1 Ne4 11.Qb3 Qb6 12.Nh4 Bxh4 13.gxh4 Ndf6 14.f3 Nxc3 
15.bxc3 Qc7 16.e4 Bg6 17.Be3 Rad8 18.Rab1 Rd7 19.Qa3 Qb8 20.Qc1 Nh5 21.Rb2
f5 22.Bh3 Qe8 23.d5 e5 24.dxc6 bxc6 25.Qb1 Qe7 26.exf5 Qxh4 27.Bg4 Bxf5 
28.Bxf5 Rxf5 29.Qxf5 Qxe1+ 30.Kg2 Rd8 31.Qxh5 Qxe3 32.Qh4 Rf8 33.Qc4+ Kh8 
34.Qxc6 Qg5+ 35.Kf2 Qh4+ 36.Kg2 Qg5+ 37.Kf2 Qh4+ 38.Kg2 Qg5+ 39.Kf2 
1/2-1/2

[Event "8th Asia-ch"]
[Site "Subic Bay Free Port PHI"]
[Date "2010.04.25"]
[Round "5"]
[White "Wang Chen"]
[Black "Mariano, Nelson"]
[Result "1-0"]
[WhiteElo "2390"]
[BlackElo "2118"]
[EventDate "2010.04.21"]
[PlyCount "160"]

1.e4 d5 2.exd5 Qxd5 3.Nc3 Qa5 4.d4 Nf6 5.Nf3 Nc6 6.Bb5 Nd5 7.O-O Nxc3 8.
Bxc6+ bxc6 9.bxc3 Bg4 10.Qd3 e6 11.Bf4 Bd6 12.Ne5 Bf5 13.Qg3 O-O 14.c4 
Bxe5 15.Bxe5 Bg6 16.Bxc7 Qd2 17.c5 Qd3 18.c3 Qxg3 19.Bxg3 a5 20.Bc7 a4 21.
a3 Ra7 22.Bb6 Rd7 23.Rfe1 Bd3 24.f4 Re8 25.Kf2 f6 26.Re3 Bc4 27.Rae1 Kf7 
28.g4 g6 29.h4 Rde7 30.g5 Rf8 31.Kg3 f5 32.h5 Rh8 33.h6 Ra8 34.Rb1 Bb3 35.
Kf2 Rd7 36.Ke2 Re7 37.Kd3 Ree8 38.c4 Ke7 39.Kc3 Kd7 40.Rbe1 Ra6 41.Kb4 
Raa8 42.Re5 Ba2 43.R5e3 Bb3 44.Rxb3 axb3 45.Kxb3 Ra6 46.a4 Rea8 47.a5 Re8 
48.Re5 Raa8 49.Kb4 Re7 50.Kc3 Ree8 51.Re1 Re7 52.Rd1 Ree8 53.Rd3 Re7 54.
Kd2 Kc8 55.d5 exd5 56.cxd5 Kd7 57.dxc6+ Kxc6 58.Rd6+ Kb5 59.c6 Rc8 60.c7 
Rcxc7 61.Bxc7 Rxc7 62.a6 Kc5 63.Re6 Kd4 64.Re5 Ra7 65.Ra5 Kc4 66.Ke3 Re7+ 
67.Re5 Ra7 68.Re6 Kd5 69.Rb6 Re7+ 70.Kd3 Ra7 71.Rb7 Rxa6 72.Rxh7 Ra3+ 73.
Kd2 Ke4 74.Rg7 Kxf4 75.Rxg6 Rh3 76.Rg7 Rh2+ 77.Kd3 Rh3+ 78.Kd4 Kg3 79.h7 
Rh4+ 80.Kd3 f4 1-0

[Event "8th Asia-ch"]
[Site "Subic Bay Free Port PHI"]
[Date "2010.04.26"]
[Round "6"]
[White "Gomez, John Paul"]
[Black "Sasikiran, Krishnan"]
[Result "1/2-1/2"]
[WhiteElo "2507"]
[BlackElo "2686"]
[EventDate "2010.04.21"]
[PlyCount "76"]

1.e4 c5 2.Nc3 d6 3.f4 Nc6 4.Nf3 g6 5.Bb5 Bd7 6.O-O Bg7 7.d3 a6 8.Bxc6 Bxc6
9.Qe1 Qd7 10.Bd2 f5 11.Rb1 Nf6 12.Ng5 h6 13.Nf3 fxe4 14.dxe4 Qe6 15.e5 Nd7
16.exd6 Qxd6 17.Ne4 Qd5 18.Bc3 O-O 19.Bxg7 Kxg7 20.Rd1 Qxe4 21.Qxe4 Bxe4 
22.Rxd7 Rae8 23.Ne5 b5 24.c4 g5 25.Re1 Bf5 26.Rc7 gxf4 27.cxb5 axb5 28.
Rxc5 b4 29.Rc7 Kf6 30.Rc4 Kg7 31.Rxb4 Be6 32.a4 Bd5 33.Rf1 Rf7 34.Ng4 Ref8
35.h3 h5 36.Nh2 e5 37.Rd1 e4 38.Rb5 Bc6 1/2-1/2

[Event "8th Asia-ch"]
[Site "Subic Bay Free Port PHI"]
[Date "2010.04.26"]
[Round "6"]
[White "Wan Yunguo"]
[Black "Zhou Jianchao"]
[Result "1/2-1/2"]
[WhiteElo "2424"]
[BlackElo "2650"]
[EventDate "2010.04.21"]
[PlyCount "80"]

1.e4 c5 2.Nf3 d6 3.d4 cxd4 4.Nxd4 Nf6 5.Nc3 a6 6.a4 e5 7.Nf3 Be7 8.Bg5 Be6
9.Bxf6 Bxf6 10.Nd5 Nd7 11.a5 Rc8 12.b4 O-O 13.c4 Bg5 14.Be2 Bh6 15.O-O g6 
16.Re1 f5 17.exf5 gxf5 18.Bf1 Kh8 19.Ra3 e4 20.Nd4 Bxd5 21.cxd5 Qf6 22.Ne6
Rg8 23.f4 exf3 24.Rxf3 Ne5 25.Rh3 Rc1 26.Qe2 Rxe1 27.Qxe1 Ng4 28.Rf3 Rc8 
29.h3 Ne5 30.Rc3 Rg8 31.Kh1 f4 32.Qe4 f3 33.Rc7 fxg2+ 34.Bxg2 Ng6 35.h4 
Qf2 36.Qd4+ Qxd4 37.Nxd4 Rg7 38.Rc8+ Rg8 39.Rc7 Rg7 40.Rc8+ Rg8 1/2-1/2

[Event "8th Asia-ch"]
[Site "Subic Bay Free Port PHI"]
[Date "2010.04.26"]
[Round "6"]
[White "Zhou Weiqi"]
[Black "Gundavaa, Bayarsaihan"]
[Result "0-1"]
[WhiteElo "2584"]
[BlackElo "2471"]
[EventDate "2010.04.21"]
[PlyCount "82"]

1.d4 Nf6 2.c4 e6 3.Nf3 b6 4.g3 Ba6 5.Qa4 Bb7 6.Bg2 c5 7.dxc5 bxc5 8.O-O 
Be7 9.Nc3 O-O 10.Rd1 Qb6 11.Bf4 a6 12.Rd2 Nc6 13.e3 h6 14.Be5 Ng4 15.Bf4 
g5 16.h3 gxf4 17.hxg4 fxe3 18.fxe3 Qc7 19.Ne2 Ne5 20.Rf1 Bc6 21.Qb3 Nxg4 
22.Nf4 Rab8 23.Qd3 f5 24.Ne1 Ne5 25.Qe2 Bg5 26.b3 Qb7 27.Qh5 Rf6 28.Nf3 
Bxf3 29.Bxf3 Qb4 30.Re2 Kh7 31.e4 Rg8 32.Bg2 Qc3 33.exf5 Qxg3 34.Ng6 Nxg6 
35.fxg6+ Rgxg6 36.Rxf6 Rxf6 37.Qh3 Qd6 38.Be4+ Kg7 39.Qd3 Qf4 40.Qxd7+ Rf7
41.Qd1 Qg4+ 0-1